Nevieš dňa, nevieš hodiny

Dve hodiny pred polnocou na prelome tisícročí zavolali detektíva Richarda Krauza na cintorín k náhrobnému kameňu postriekanému krvou. Záhadný bol aj čerstvo vytesaný dátum úmrtia - zajtrajší deň, prvý deň nového milénia. Na prvý pohľad hlúpy žart, no detektíva Krauza prejde smiech v momente, keď mu...

Full description

Bibliographic Details
Main Author: Dán, Dominik, 1955- (Author)
Other Authors: Džadoň, Zbynek (Narrator)
Format: CD Audio
Language:Slovak
PhysicalDescription:1 elektronický optický disk (CD-ROM) digitálny, MP3 12cm
Published: Levoča Slovenská knižnica pre nevidiacich Mateja Hrebendu 2020
ISBN:9788018088128
Subjects:

MARC

LEADER 00000nim a2200000 a 4500
001 vtls011966727
003 SK-MaSNL
005 20260301104050.0
007 sd fungnnmmned
008 200515s2020 xo nnnnfs f n slo
015 |a SNBJ2024 
020 |a 9788018088128  |q (CD-ROM) 
040 |a SNK  |b slo  |c SNK  |e AACR2 
041 0 |a slo 
044 |a xo  |c SK 
072 7 |a 821.162.4-3  |x Slovenská próza  |2 konspekt 
080 |a 821.162.4-31  |2 2011 
080 |a (0:82-312.4)  |2 2011 
080 |a (086.7)  |2 2011 
100 1 |a Dán, Dominik,  |d 1955-  |4 aut  |9 92276 
245 1 0 |a Nevieš dňa, nevieš hodiny  |h elektronický zdroj  |c Dominik Dán ; číta: Zbynek Džadoň 
260 |a Levoča  |b Slovenská knižnica pre nevidiacich Mateja Hrebendu  |c 2020 
300 |a 1 elektronický optický disk (CD-ROM)  |b digitálny, MP3  |c 12cm 
306 |a 122000 
520 8 |a Dve hodiny pred polnocou na prelome tisícročí zavolali detektíva Richarda Krauza na cintorín k náhrobnému kameňu postriekanému krvou. Záhadný bol aj čerstvo vytesaný dátum úmrtia - zajtrajší deň, prvý deň nového milénia. Na prvý pohľad hlúpy žart, no detektíva Krauza prejde smiech v momente, keď mu z operačného strediska zahlásia, že majiteľ hrobu prvú hodinu po polnoci naozaj zomrel. Muža strelili do chrbta spôsobom vylučujúcim samovraždu. 
521 |a Pre nevidiacich, slabozrakých a inak zdravotne postihnutých 
655 7 |a zvukové záznamy  |2 SNKPH  |9 70720 
655 7 |a slovenské romány  |2 SNKPH  |9 70324 
655 7 |a detektívne romány  |2 SNKPH  |9 70455 
700 1 |a Džadoň, Zbynek  |4 nrt  |9 362259 
787 0 8 |i Podľa knihy:  |t Nevieš dňa, nevieš hodiny  |d Bratislava : Slovart, spol. s r.o., 2019  |z 978-80-556-4358-8 
919 |a 978-80-18-08812-8 
958 |a SX 
999 |c 697155  |d 699085 
952 |a SNK  |b SNK  |y PREZ  |7 0  |p 17A1466657  |o snkSCD 5680  |i snk2021/15234  |8 0  |0 0  |1 0  |4 0  |d 2021-10-12  |l 0  |r 2026-02-23 20:45:55  |w 2026-02-23